000 01078nam a2200289 i 4500
001 105000
003 ES-MaACL
005 20231005132124.0
007 t|
008 050606s1966 sp ||||1| spa d
080 _a75 Quesada, Jaime (083.82)
100 1 _aQuesada, Jaime.
_994560
245 1 0 _aJaime Quesada
_b: [exposición, Sala del Prado del Ateneo de Madrid, marzo de 1966] /
_c[Texto: Luis Trabazo].
260 _a[Madrid] :
_bPublicaciones Españolas,
_c[1966]
300 _a[24] p. :
_bil. ;
_c23 cm.
490 1 _aCuadernos de arte. Serie divulgación ;
_v45
600 1 4 _aQuesada, Jaime-
_vExposiciones.
_994561
610 2 7 _aAteneo de Madrid-
_vExposiciones-
_y1960-1969.
_91920
655 7 _2tgfbne
_9193628
_aCatálogos de exposiciones
700 1 _aTrabazo, Luis.
_9111202
710 2 _aAteneo de Madrid.
_bSala del Prado.
_91965
830 0 _aCuadernos de arte. Serie divulgación ;
_v45
_9184876
852 _aES-MaACL
_j2204-F-21
_9108930
_bR.137532
_cDEPOF
852 _aES-MaACL
_jF-10824(11).
942 _2udc
_cFOLLETOS
999 _c105000
_d105000